Taylor Swift mystery lyrics #60 - Statistics

General Stats
  • This quiz has been taken 71 times
    69 since last reset
  • The average score is 86 of 154
Answer Stats
Answer % Correct
I
100%
a
92%
you
92%
You
92%
the
91%
The
91%
and
87%
And
87%
in
87%
to
85%
your
85%
it
83%
on
83%
you're
83%
You're
83%
he
79%
it's
79%
It's
79%
no
79%
be
77%
but
75%
love
75%
who
75%
that
74%
all
72%
is
72%
not
70%
go
68%
one
68%
at
66%
don't
64%
like
64%
with
62%
With
62%
was
60%
'cause
58%
up
58%
know
57%
oh
55%
Oh
55%
only
55%
see
55%
out
51%
his
49%
back
47%
here
43%
knows
40%
smile
40%
tell
40%
into
38%
wanted
38%
will
38%
that's
36%
together
36%
baby
34%
tied
34%
coming
32%
doesn't
32%
face
32%
looking
32%
anyone
28%
away
28%
undone
28%
cry
26%
Hold
26%
might
26%
mirror
23%
thinking
23%
end
21%
giving
21%
high
21%
losing
21%
beauty
19%
change
19%
jumping
19%
true
19%
water's
19%
around
17%
extra
17%
golden
17%
rain
17%
letting
15%
pocket
15%
pretty
15%
walk
13%
leaves
11%
pay
11%
price
11%
Seems
11%
penny
9%
guess
8%
hoping
8%
Goodbye
6%
No matching quizzes found
Score Distribution
Percent of People with Each Score
Percentile by Number Answered
Your Score History
You have not taken this quiz since the last reset